<?xml version="1.0" encoding="UTF-8"?>
<record
    xmlns:xsi="http://www.w3.org/2001/XMLSchema-instance"
    xsi:schemaLocation="http://www.loc.gov/MARC21/slim http://www.loc.gov/standards/marcxml/schema/MARC21slim.xsd"
    xmlns="http://www.loc.gov/MARC21/slim">

  <leader>00503nam a22001337a 4500</leader>
  <datafield tag="040" ind1=" " ind2=" ">
    <subfield code="c">RUA</subfield>
  </datafield>
  <datafield tag="082" ind1=" " ind2=" ">
    <subfield code="a">VEM CHU 2014 B443 Or.1</subfield>
  </datafield>
  <datafield tag="100" ind1=" " ind2=" ">
    <subfield code="a">CHUT CHANPHANIT; &#x1787;&#x17BB;&#x178F; &#x1785;&#x17D0;&#x1793;&#x17D2;&#x1791;&#x1795;&#x17B6;&#x1793;&#x17B7;&#x178F;&#x17D2;&#x1799;</subfield>
  </datafield>
  <datafield tag="245" ind1=" " ind2=" ">
    <subfield code="a">Study on situatio and endoparasites of cattle's antemortem in slaughterhouse at svay rieng province; </subfield>
  </datafield>
  <datafield tag="260" ind1=" " ind2=" ">
    <subfield code="a">Phnom Penh</subfield>
    <subfield code="b">RUA</subfield>
    <subfield code="c">2014</subfield>
  </datafield>
  <datafield tag="300" ind1=" " ind2=" ">
    <subfield code="a">x;50p.</subfield>
    <subfield code="b">ill.</subfield>
    <subfield code="c">29cm.</subfield>
  </datafield>
  <datafield tag="856" ind1=" " ind2=" ">
    <subfield code="u">https://drive.google.com/file/d/16_T7-wI_xkhQ0Wr4E7Bw2kCDBHG9WpF3/view?usp=sharing</subfield>
  </datafield>
  <datafield tag="942" ind1=" " ind2=" ">
    <subfield code="c">VEM</subfield>
  </datafield>
  <datafield tag="999" ind1=" " ind2=" ">
    <subfield code="c">7306</subfield>
    <subfield code="d">7306</subfield>
  </datafield>
  <datafield tag="952" ind1=" " ind2=" ">
    <subfield code="0">0</subfield>
    <subfield code="1">0</subfield>
    <subfield code="2">ddc</subfield>
    <subfield code="4">0</subfield>
    <subfield code="6">VEM_CHU_2014_000000000000000_B443_OR_1</subfield>
    <subfield code="7">0</subfield>
    <subfield code="9">42967</subfield>
    <subfield code="a">LBB</subfield>
    <subfield code="b">LBB</subfield>
    <subfield code="c">B443</subfield>
    <subfield code="d">2016-03-02</subfield>
    <subfield code="l">1</subfield>
    <subfield code="o">VEM CHU 2014 B443 Or.1</subfield>
    <subfield code="p">RUA054075</subfield>
    <subfield code="r">2017-11-24</subfield>
    <subfield code="s">2017-10-11</subfield>
    <subfield code="w">2016-03-02</subfield>
    <subfield code="y">VEM</subfield>
  </datafield>
  <datafield tag="952" ind1=" " ind2=" ">
    <subfield code="0">0</subfield>
    <subfield code="1">0</subfield>
    <subfield code="2">ddc</subfield>
    <subfield code="4">0</subfield>
    <subfield code="6">VEM_CHU_2014_000000000000000_B443_OR_2</subfield>
    <subfield code="7">0</subfield>
    <subfield code="9">42968</subfield>
    <subfield code="a">LBB</subfield>
    <subfield code="b">LBB</subfield>
    <subfield code="c">B443</subfield>
    <subfield code="d">2016-03-02</subfield>
    <subfield code="o">VEM CHU 2014 B443 Or.2</subfield>
    <subfield code="p">RUA054135</subfield>
    <subfield code="r">2016-03-02</subfield>
    <subfield code="w">2016-03-02</subfield>
    <subfield code="y">VEM</subfield>
  </datafield>
  <datafield tag="952" ind1=" " ind2=" ">
    <subfield code="0">0</subfield>
    <subfield code="1">0</subfield>
    <subfield code="2">ddc</subfield>
    <subfield code="4">0</subfield>
    <subfield code="6">VEM_CHU_2014_000000000000000_B443_OR_3</subfield>
    <subfield code="7">0</subfield>
    <subfield code="9">42969</subfield>
    <subfield code="a">LBB</subfield>
    <subfield code="b">LBB</subfield>
    <subfield code="c">B443</subfield>
    <subfield code="d">2016-03-02</subfield>
    <subfield code="o">VEM CHU 2014 B443 Or.3</subfield>
    <subfield code="p">RUA054286</subfield>
    <subfield code="r">2016-03-02</subfield>
    <subfield code="w">2016-03-02</subfield>
    <subfield code="y">VEM</subfield>
  </datafield>
  <datafield tag="952" ind1=" " ind2=" ">
    <subfield code="0">0</subfield>
    <subfield code="1">0</subfield>
    <subfield code="2">ddc</subfield>
    <subfield code="4">0</subfield>
    <subfield code="6">VEM_CHU_2014_000000000000000_B443_OR_4</subfield>
    <subfield code="7">0</subfield>
    <subfield code="9">42970</subfield>
    <subfield code="a">LBB</subfield>
    <subfield code="b">LBB</subfield>
    <subfield code="c">B443</subfield>
    <subfield code="d">2016-03-02</subfield>
    <subfield code="o">VEM CHU 2014 B443 Or.4</subfield>
    <subfield code="p">RUA054285</subfield>
    <subfield code="r">2016-03-02</subfield>
    <subfield code="w">2016-03-02</subfield>
    <subfield code="y">VEM</subfield>
  </datafield>
  <datafield tag="952" ind1=" " ind2=" ">
    <subfield code="0">0</subfield>
    <subfield code="1">0</subfield>
    <subfield code="2">ddc</subfield>
    <subfield code="4">0</subfield>
    <subfield code="6">VEM_CHU_2014_000000000000000_B443_OR_5</subfield>
    <subfield code="7">0</subfield>
    <subfield code="9">42971</subfield>
    <subfield code="a">LBB</subfield>
    <subfield code="b">LBB</subfield>
    <subfield code="c">B443</subfield>
    <subfield code="d">2016-03-02</subfield>
    <subfield code="l">6</subfield>
    <subfield code="m">2</subfield>
    <subfield code="o">VEM CHU 2014 B443 Or.5</subfield>
    <subfield code="p">RUA054225</subfield>
    <subfield code="r">2017-09-25</subfield>
    <subfield code="s">2017-07-19</subfield>
    <subfield code="w">2016-03-02</subfield>
    <subfield code="y">VEM</subfield>
  </datafield>
  <datafield tag="952" ind1=" " ind2=" ">
    <subfield code="0">0</subfield>
    <subfield code="1">0</subfield>
    <subfield code="2">ddc</subfield>
    <subfield code="4">0</subfield>
    <subfield code="6">VEM_CHU_2014_000000000000000_B443_OR_6</subfield>
    <subfield code="7">0</subfield>
    <subfield code="9">42972</subfield>
    <subfield code="a">LBB</subfield>
    <subfield code="b">LBB</subfield>
    <subfield code="c">B443</subfield>
    <subfield code="d">2016-03-02</subfield>
    <subfield code="o">VEM CHU 2014 B443 Or.6</subfield>
    <subfield code="p">RUA054291</subfield>
    <subfield code="r">2016-03-02</subfield>
    <subfield code="w">2016-03-02</subfield>
    <subfield code="y">VEM</subfield>
  </datafield>
  <datafield tag="952" ind1=" " ind2=" ">
    <subfield code="0">0</subfield>
    <subfield code="1">0</subfield>
    <subfield code="2">ddc</subfield>
    <subfield code="4">0</subfield>
    <subfield code="6">VEM_CHU_2014_000000000000000_B443_OR_7</subfield>
    <subfield code="7">0</subfield>
    <subfield code="9">42973</subfield>
    <subfield code="a">LBB</subfield>
    <subfield code="b">LBB</subfield>
    <subfield code="c">B443</subfield>
    <subfield code="d">2016-03-02</subfield>
    <subfield code="o">VEM CHU 2014 B443 Or.7</subfield>
    <subfield code="p">RUA054476</subfield>
    <subfield code="r">2016-03-02</subfield>
    <subfield code="w">2016-03-02</subfield>
    <subfield code="y">VEM</subfield>
  </datafield>
  <datafield tag="952" ind1=" " ind2=" ">
    <subfield code="0">0</subfield>
    <subfield code="1">0</subfield>
    <subfield code="2">ddc</subfield>
    <subfield code="4">0</subfield>
    <subfield code="6">VEM_CHU_2014_000000000000000_B443_OR_8</subfield>
    <subfield code="7">0</subfield>
    <subfield code="9">42974</subfield>
    <subfield code="a">LBB</subfield>
    <subfield code="b">LBB</subfield>
    <subfield code="c">B443</subfield>
    <subfield code="d">2016-03-02</subfield>
    <subfield code="o">VEM CHU 2014 B443 Or.8</subfield>
    <subfield code="p">RUA054543</subfield>
    <subfield code="r">2016-03-02</subfield>
    <subfield code="w">2016-03-02</subfield>
    <subfield code="y">VEM</subfield>
  </datafield>
  <datafield tag="952" ind1=" " ind2=" ">
    <subfield code="0">0</subfield>
    <subfield code="1">0</subfield>
    <subfield code="4">0</subfield>
    <subfield code="6">VEM_CHU_2014_000000000000000_B692_OR_1</subfield>
    <subfield code="7">0</subfield>
    <subfield code="9">87390</subfield>
    <subfield code="a">LBB</subfield>
    <subfield code="b">LBB</subfield>
    <subfield code="c">B692</subfield>
    <subfield code="d">2021-11-12</subfield>
    <subfield code="o">VEM CHU 2014 B692 Or.1</subfield>
    <subfield code="p">a066751</subfield>
    <subfield code="r">2021-11-12</subfield>
    <subfield code="y">VEM</subfield>
  </datafield>
</record>
